00681nam a2200241 a 4500001001300000003000900013005001700022008004100039020001000080082001700090100002300107245001100130260003100141300000800172500003500180650002400215650003000239700002300269902000800292942000700300952011700307999001500424nice12345678IN_TiNIC20260116011826.0070620s1932 teha grp 000 0 per  ac10000a891.51bJAM2 aJami, Abdur Rahman aLawaeh aTehranbNo Publisherc1932 a72p aincludes index and biblioraphy aPersian Poetry-Jami aJami, Abdur Rahman-Poetry1 aJami, Abdur Rahman bSRS cBK 001040708StackRoom-aHMIbHMId2007-06-20g100.00l0o891.51 JAM2p05028r2007-06-20v100.00w2007-06-20yBK c4241d4241